=LDR 00000nam 2200000 4500 =001 INLIS000000000018952 =005 20130612114053 =008 ***********************************Ind** =035 ##$$a0010-061300000018952 =041 ##$$a Ind =082 ##$$a 657 =090 ##$$a 657, Sum a =100 ##$$a Sumarso, S.R =245 ##$$a Akuntansi suatu pengantar, oleh Sumarsono S.R =260 ##$$a 1991 $b Jakarta =300 ##$$a xxv, 444 hlm, 25 cm =650 ##$$a Akuntansi =850 ##$$a NBPNMAT =990 ##$$a 90711/BPAP-NTB/2014 =990 ##$$a 92067/BPAP-NTB/2014 =990 ##$$a 92715/BPAP-NTB/2014 =990 ##$$a 92716/BPAP-NTB/2014 =990 ##$$a 92899/BPAP-NTB/2014